| 000 | 00533nam a22001575i 4500 | ||
|---|---|---|---|
| 001 | 47938 | ||
| 003 | ES-MaACL | ||
| 007 | t| | ||
| 008 | 950206s1885 sp ||||1| spa d | ||
| 040 |
_aCAM _bspa _cCCPB | PA2 |
||
| 100 | 1 |
_aCorti y Erro, Cándido. _940931 |
|
| 245 | 1 | 0 |
_aManual del agente de orden público _b: obra escrita en vista de la legislación vigente... / _cCándido Costi y Erro. |
| 260 |
_aMadrid : _b[s.n.], _c1885 ( _fJosé M. Ducazcal) |
||
| 300 |
_aVII, 258, VI p., [1] map. ; _c24 cm. |
||
| 852 |
_aES-MaACL _jG-1688 |
||
| 999 |
_c47938 _d47938 |
||